LEADER 01269nam a2200289 u 4500 001 000000004106 003 CaOOAMICUS 005 20070226104620.0 008 940514s1962 it u000 u ita u 035 $a10107869 040 $aPUL$bita 100 1 $aMarzot, Giulio.$0(OLS)http://pul/name/4256 245 12$aL'Italia letteraria durante la Controriforma. 260 $aRoma :$bStudium,$c[1962] 300 $a216 p. ;$c17 cm 490 1 $aUniversale studium ;$v81 504 $aBibliografia: p. [209]-214. 650 4$aLetteratura italiana$xStoria e critica$ySec. XVI-XVII.$0(OLS)http://pul/subject/3443 650 4$aControriforma$zItalia.$0(OLS)http://pul/subject/3444 830 0$aUniversale studium ;$v81.$0(OLS)http://pul/title/5921 850 $aPUL 852 $aPUL$W1$xDP1 Fondo Ciprotti$y59$m1536 E 81$j5773$nBK-PRI$b $qFondi$B5773$CPULBib$Z2$F5773 $H $81 852 $aPUL$W1$xDP1 Fondo Pastorale$y55$mP18 F 82$j5774$nBK-PRI$b $qFondi$B5774$CPULBib$Z2$F5774 $H $81 941 1 $a1 961 $aINV: 1103. Fondo Ciprotti 996 $6245$aL'Italia letteraria durante la Controriforma$9(OLS)http://pul/title/5957 996 $6260$aRoma :$bStudium$9(OLS)http://pul/publisher/47892 LEADER 01220nam a2200289 u 4500 001 000000022853 003 CaOOAMICUS 005 20070226111155.0 008 950331s1974 it u000 u ita u 035 $a10575111 040 $aPUL(R)$bita 041 1 $aita$heng 100 1 $aWarrender, Howard.$0(OLS)http://pul/name/19360 240 10$aPolitical philosophy of Hobbes.$lItaliano.$0(OLS)http://pul/title/31813 245 13$aIl pensiero politico di Hobbes :$bla teoria dell'obbligazione /$cHoward Warrender. 260 $aRoma :$bLaterza,$c1974. 300 $avi, 350 p. ;$c21 cm 490 1 $aBiblioteca di cultura moderna ;$v768 504 $aBibliografia in nota. 600 14$aHobbes, Thomas,$d1588-1679.$0(OLS)http://pul/subject/2539 830 0$aBiblioteca di cultura moderna (Editori Laterza) ;$v768.$0(OLS)http://pul/title/3128 850 $aPUL 852 $aPUL$W1$xSL Filosofia 1$y2$m83 B 24$j32041$nBK-PRI$b $qStampati$B32041$CPULBib$Z2$F32041 $H $81 941 1 $a8 961 $aINV: 53450 996 $6245$aIl pensiero politico di Hobbes :$bla teoria dell'obbligazione$9(OLS)http://pul/title/31814 996 $6260$aRoma :$bLaterza$9(OLS)http://pul/publisher/47864